| 000 | 00545nam a2200217Ia 4500 | ||
|---|---|---|---|
| 003 | OSt | ||
| 005 | 20220928143934.0 | ||
| 006 | a|||||r|||| 00| 0 | ||
| 007 | ta | ||
| 008 | 220927b |||||||| |||| 00| 0 eng d | ||
| 024 | _a23388 | ||
| 037 | _cTextual | ||
| 040 |
_aSDCL _cSDCL _beng |
||
| 041 |
_2eng _aeng |
||
| 082 | _aO152,2N25x, L4 | ||
| 100 | _aRakesh Mohan | ||
| 245 | 0 | _aRat bitne tak tatha anya dhowni-nattak. | |
| 260 | _c1974 | ||
| 942 |
_hO152,2N25x, L4 _cTEXL _2CC |
||
| 999 |
_c825334 _d825334 |
||